| 000 | 04578cam a2200433 i 4500 | ||
|---|---|---|---|
| 999 |
_c8004 _d8004 |
||
| 001 | 991060546763106706 | ||
| 003 | OSt | ||
| 005 | 20241218134737.0 | ||
| 008 | 220525e202204 spca || 000 0 spa c | ||
| 015 |
_aLL2023 _2bnc |
||
| 017 |
_aDL B 8590-2022 _bBiblioteca de Catalunya |
||
| 020 |
_a9788419333094 _q(UAB) |
||
| 020 |
_z9788419333100 _q(UAB : _qebook) |
||
| 020 |
_a9788418951497 _q(UJI) |
||
| 020 |
_z9788418951497 _q(UJI : _qebook) |
||
| 020 |
_a9788491349457 _q(UV) |
||
| 020 |
_z9788491349464 _q(UV : _qebook) |
||
| 040 |
_aES-BaUAB _bcat _erda _cCDMR |
||
| 080 |
_a316.77 _x(091) _22004 |
||
| 080 |
_a316.77:316.4 _22004 |
||
| 080 |
_a659.3 _x(091) _22004 |
||
| 080 |
_a004.738.5:316.77 _22004 |
||
| 100 | 1 |
_aMoragas Spà, Miquel de _9475 |
|
| 245 | 1 | 3 |
_aLa Comunicación y sus cambios : _bde los orígenes al móvil / _cMiquel de Moragas Spà |
| 264 | 1 |
_aBellaterra : _bUniversitat Autònoma de Barcelona, Servei de Publicacions ; _aCastelló de la Plana : _bPublicacions de la Universitat Jaume I ; _aBarcelona : _bUniversitat Pompeu Fabra ; _aValència : _bPublicacions de la Universitat de València, _c2022 |
|
| 300 |
_a206 pàgines : _bil·lustracions en blanc i negre ; _c24 cm |
||
| 490 | 1 |
_aAldea global ; _v44 |
|
| 500 | _aConté: 0. Introducción. Este libro y sus lectores -- 1. Cambios en la comunicación. Tipología y aceleración -- 1.1. Aceleración y tipología de los cambios -- 1.2. Cambios disruptivos que afectan al sistema social -- 1.3. Cambios evolutivos, reorganización del sistema -- 1.4. Cambios de sustitución y cambios de complementariedad -- 1.5. Cambios pragmáticos. ¿Hacer las mismas cosas de otra manera? -- 2. Los antecedentes remotos. De las primeras escrituras a la imprenta -- 2.1. Cambios en la antigüedad. De la escritura cuneiforme al pergamino -- 2.2. La comunicación y la escritura en el medievo -- 2.3. La imprenta de Gutenberg. Reproductibilidad y difusión de ideas -- 3. De la prensa artesanal a la prensa de masas -- 3.1. Antecedentes de la prensa de masas. De los legajos a la información periódica -- 3.2. Innovaciones técnicas y nuevos formatos de la prensa -- 3.3. Las imágenes en diarios y revistas. De la xilografía al fotorreportaje -- 3.4. Evolución de la publicidad y los anuncios en la prensa -- 3.5. La aparición del quiosco -- 3.6. La prensa, producto industrial y medio ideológico -- 4. Señales, luz y sonido. Inventos del siglo xix -- 4.1. El telégrafo. Inicio de las telecomunicaciones -- 4.2. El teléfono. Sistema interactivo de voz -- 4.3. Las primeras reproducciones del sonido. Fonógrafo, gramófono y radio sin hilos -- 4.4. La fotografía. De experimento fotoquímico a medio social -- 4.5. El cinematógrafo y los orígenes del cine -- 5. Nuevos medios y cultura de masas en el siglo xx -- 5.1. El cine. Arte y espectáculo popular -- 5.2. La radio como medio de comunicación de masas -- 5.3. Los orígenes de la televisión (1920–1950) -- 5.4. El sistema de medios en la segunda mitad del siglo xx -- 5.5. La publicidad. Del cartel al anuncio televisivo -- 6. La telemática. La etapa preinternet (1980–1996) -- 6.1. La electrónica de consumo y los nuevos equipos de comunicación -- 6.2. Ofimática avanzada. Fotocopia, fax y fin de la máquina de escribir -- 6.3. Inicios de la telemática. El teletexto y el videotexto -- 6.4. El teléfono antes de ser inteligente -- 6.5. Las telecomunicaciones y los nuevos espacios de comunicación -- 7. La irrupción de internet (1969–1996) -- 7.1. Los antecedentes. De Arpanet a la World Wide Web -- 7.2. Internet y nuevos medios -- 8. Los medios en el siglo xxi -- 8.1. La renovación digital de los equipos de comunicación -- 8.2. Adaptación de losmedios a la era de internet -- 9. La nueva esfera internet. Plataformas y redes -- 9.1. Etapas en la evolución de internet. Hitos más relevantes -- 9.2. Las componentes de la esfera internet -- 9.3. La publicidad en la esfera internet, del anuncio al clic -- 9.4. Nuevos lenguajes en los medios digitales -- 9.5. La vigencia de las políticas de comunicación -- 10. La pandemia de 2020–2021. Primeros efectos sobre la comunicación | ||
| 504 | _aBibliografia: pàgines 193-206 | ||
| 650 | 7 |
_aComunicació _xHistòria. _2lemac |
|
| 650 | 7 |
_aComunicació _xAspectes socials. _2lemac |
|
| 650 | 7 |
_aMitjans de comunicació de massa _xHistòria. _2lemac |
|
| 650 | 7 |
_aInternet _xAspectes socials . _2lemac |
|
| 650 | 7 |
_aXarxes socials en línia _2lemac |
|
| 830 | 0 |
_aAldea global ; _v44 |
|
| 908 |
_aUAB _aUPF _aUOC _aUVic-UCC _aBC _aUdL |
||
| 940 | _aUAB | ||
| 942 |
_2udc _cMON |
||